Ohavné mordy boleslavské / (Záznam č. 34243)
| 000 -Návěští | |
|---|---|
| Řídící pole kódované 24B | 02010nam a2200361 i 4500 |
| 001 - Kontrolní číslo | |
| Řídící pole proměnné | 5232270 |
| 003 - Identifikátor kontrolního čísla | |
| Řídící pole proměnné | CZ PrSKC |
| 005 - Datum posledního zpracování | |
| Řídící pole 16B | 20260429111724.0 |
| 007 - Pole pevné délky pro fyzický popis | |
| Řídící pole kódované | ta |
| 008 - Údaje pevné délky | |
| Řídící pole kódované 40B | 260420s2026 xr g 000 f cze |
| 020 ## - ISBN | |
| ISBN | 9788027924653 |
| 040 ## - Zdroj katalogizace-agentura | |
| Agentura původní katalogizace | ABG001 |
| Jazyk katalogizace | cze |
| Použitá pravidla popisu | rda |
| 072 #7 - Kód předmětové kategorie - Konspekt | |
| Předmětová kategorie | 821.162.3-3 |
| Zpřesnění předmětové kategorie | Česká próza |
| Zdroj předmětové klasifikace | Konspekt |
| 080 ## - MDT | |
| Klasifikační znak MDT | 821.162.3-31 |
| Idetifikátor vydání MDT | MRF |
| 080 ## - MDT | |
| Klasifikační znak MDT | (0:82-311.6) |
| Idetifikátor vydání MDT | MRF |
| 080 ## - MDT | |
| Klasifikační znak MDT | (0:82-312.4) |
| Idetifikátor vydání MDT | MRF |
| 100 1# - Hlavní záhlaví - osobní jméno autora | |
| Osobní jméno | Dobrylovský, Jiří, |
| Datumy související se jménem | 1961- |
| Kód role | aut |
| 9 (RLIN) | 9485 |
| 245 10 - Údaje o názvu | |
| Název | Ohavné mordy boleslavské / |
| Údaj o odpovědností, atd. | Jiří Dobrylovský, Jana Vitoušová |
| 250 ## - Údaje o vydání | |
| Označení vydání | Vydání první |
| 264 #1 - Nakladatelské údaje | |
| Místo vydání | Brno : |
| Nakladatel | MOBA, |
| Rok vydání | 2026 |
| 300 ## - Fyzický popis | |
| Rozsah | 267 stran ; |
| Rozměry | 21 cm |
| 520 2# - Anotace | |
| Anotace, atd. | Historická detektivka, odehrávající se osm let po bitvě u Lipan, která vlastně znamenala ukončení husitských válek. |
| Rozšířený text anotace | V kališnické Mladé Boleslavi, patřící pánovi Jindřichovi z Michalovic, je před domem bohatého kupce Pavla ráno nalezen useknutý prst. Krátce nato je v městském rybníku nalezen zavražděný truhlář Štěpán. Rychtář z jeho vraždy obviní kupce Pavla, jen na základě toho, že Štěpán se kdysi ucházel o současnou Pavlovu manželku Matyldu. Kupec Pavel má však to štěstí, že je v přátelských vztazích s krajským hejtmanem Jiřím z Poděbrad. Pavlova žena Matylda se na Jiřího obrátí a on pověří vyšetřením případu rytíře Lukáše z Velyně. Velmi rychle se začne prokazovat, že obvinění kupce Pavla nelze opřít o žádné důkazy, proto Jindřich z Michalovic jmenuje svého vlastního zmocněnce rytíře Norberta z Malkova, aby na Jiřím iniciované vyšetřování dohlížel... Nakladatelská anotace. |
| 655 #7 - Rejstříkový termín - žánr/forma | |
| Žánr/forma či základní termín | české romány |
| 655 #7 - Rejstříkový termín - žánr/forma | |
| Žánr/forma či základní termín | historické romány |
| 655 #7 - Rejstříkový termín - žánr/forma | |
| Žánr/forma či základní termín | detektivní romány |
| 655 #9 - Rejstříkový termín - žánr/forma | |
| Žánr/forma či základní termín | Czech fiction |
| 655 #9 - Rejstříkový termín - žánr/forma | |
| Žánr/forma či základní termín | historical novels |
| 655 #9 - Rejstříkový termín - žánr/forma | |
| Žánr/forma či základní termín | detective novels |
| 700 1# - Vedlejší záhlaví - osobní jméno autora | |
| Osobní jméno | Vitoušová, Jana |
| Kód role | aut |
| 9 (RLIN) | 20735 |
| 710 2# - Vedlejší záhlaví - jméno korporativního autora | |
| Jméno korporace nebo jurisdikce | Nakladatelství MOBA |
| Kód role | pbl |
| 9 (RLIN) | 20521 |
| 910 ## - Údaje o vlastníkovi jednotky (exempláře) | |
| Sigla vlastníka jednotky | ABG508 |
| Stav ztráty | Zdroj klasifikace pro skladování | Stav poškození |
|---|---|---|
| Universal Decimal Classification |